000
00306nam a22001457a 4500
008
221101b ||||| |||| 00| 0 eng d
020
_a
9781319106799
041
_a
eng
080
_a
339
082
_a
339.
100
_a
61
101
_a
ECO
245
_a
ECONOMIC PRINCIPLES
_c
RUBB S
942
_2
udc
_c
BK
999
_c
58710
_d
58710